[Event "30th WCh U20 Girls"]
[Site "Athens GRE"]
[Date "2012.08.11"]
[Round "9"]
[White "Liao, Simone"]
[Black "Klek, Hanna-Marie"]
[Result "1/2-1/2"]
[WhiteElo "1933"]
[BlackElo "2248"]
[EventDate "2012.08.02"]
[PlyCount "110"]

1.e4 e5 2.Nf3 Nc6 3.Bc4 Bc5 4.O-O Nf6 5.d3 h6 6.c3 d6 7.Re1 O-O 8.h3 a6 9.
Bb3 Ba7 10.Nbd2 Re8 11.Nf1 Nh5 12.d4 Qf6 13.Ne3 Nf4 14.Nd5 Nxd5 15.exd5 
Nb8 16.dxe5 dxe5 17.Be3 Bf5 18.Bxa7 Rxa7 19.Bc2 Bxc2 20.Qxc2 Nd7 21.Rad1 
Raa8 22.c4 b6 23.Rd2 Re7 24.Rde2 Rae8 25.b4 Qd6 26.a3 g6 27.Qa4 b5 28.cxb5
Nb6 29.Qa5 axb5 30.Qxb5 Nxd5 31.Rc2 e4 32.Rc6 Qd8 33.Nd4 e3 34.fxe3 Nxe3 
35.Nf3 Rd7 36.Qe2 Rd3 37.a4 Ra3 38.Qb2 Qd3 39.Qf6 Rf8 40.Qf4 Nf5 41.a5 Ra2
42.Rxc7 Qb3 43.Rd7 Rb2 44.Re4 Qa4 45.Rd2 Rb1+ 46.Ne1 Rc8 47.Rde2 Qb5 48.
Kh2 Rxb4 49.Rxb4 Qxe2 50.Rb8 Rxb8 51.Qxb8+ Kg7 52.Qb4 Qe5+ 53.Kg1 Qe3+ 54.
Kh2 Qe5+ 55.Kg1 Qe3+ 1/2-1/2

[Event "30th WCh U20 Girls"]
[Site "Athens GRE"]
[Date "2012.08.11"]
[Round "9"]
[White "Nevioselaya, Maria"]
[Black "Pon Krithikha, Namasivayam"]
[Result "1-0"]
[WhiteElo "2057"]
[BlackElo "2119"]
[EventDate "2012.08.02"]
[PlyCount "115"]

1.e4 e5 2.Nf3 Nc6 3.Bb5 f5 4.d3 fxe4 5.dxe4 Nf6 6.O-O Bc5 7.Qe2 d6 8.Qc4 
Bd7 9.Nc3 a6 10.Bxc6 Bxc6 11.Nxe5 Bxf2+ 12.Rxf2 dxe5 13.Bg5 Qe7 14.Raf1 
Rf8 15.Bxf6 gxf6 16.Nd5 Bxd5 17.Qxd5 c6 18.Qd1 Rd8 19.Qh5+ Kd7 20.h3 Kc7 
21.Qh6 Rd6 22.Rf5 Rf7 23.c3 Qd8 24.Kh2 Re6 25.R1f3 Kb8 26.Qh4 Qd6 27.Rh5 
Qd7 28.Rff5 Rd6 29.Rh6 Qe7 30.Rfh5 Rd7 31.a4 a5 32.Rf5 Rd6 33.Qf2 Qd8 34.
Qc5 Rfd7 35.Rfh5 Rd2 36.Rf5 R2d6 37.Rf2 b6 38.Qc4 Kb7 39.Rh5 Qe7 40.Rhf5 
Qg7 41.R5f3 Qh6 42.b4 axb4 43.Qxb4 Qc1 44.Rb2 c5 45.Qb5 Rc7 46.a5 Rcc6 47.
Rb1 Qc2 48.Rg3 Rc7 49.axb6 Rf7 50.c4 Qxe4 51.Ra3 Rf8 52.Qa6+ Kc6 53.b7+ 
Kc7 54.Qa5+ Kd7 55.b8=Q Rxb8 56.Rxb8 Qf4+ 57.Rg3 Ke6 58.Rb6 1-0

[Event "30th WCh U20 Girls"]
[Site "Athens GRE"]
[Date "2012.08.11"]
[Round "9"]
[White "Cemhan, Kardelen"]
[Black "Abdumalik, Zhansaya"]
[Result "0-1"]
[WhiteElo "1938"]
[BlackElo "2193"]
[EventDate "2012.08.02"]
[PlyCount "90"]

1.e4 c5 2.Nf3 e6 3.d4 cxd4 4.Nxd4 a6 5.Nc3 Qc7 6.g3 Nf6 7.Bg2 b5 8.a3 Bb7 
9.O-O d6 10.f4 Be7 11.Qe2 Nc6 12.Nb3 O-O 13.Be3 Rac8 14.h3 Rfe8 15.Kh2 Bf8
16.Qf2 Qb8 17.g4 g6 18.Kg1 Bg7 19.Rad1 Red8 20.g5 Nd7 21.f5 Nde5 22.Nd4 
Re8 23.Nxc6 Bxc6 24.f6 Bf8 25.Ne2 Qa8 26.Qh4 Nc4 27.Bc1 d5 28.exd5 Bxd5 
29.Nf4 Bxg2 30.Nxg2 Ne5 31.Ne3 Nf3+ 32.Rxf3 Qxf3 33.Rf1 Qb7 34.c3 Red8 35.
Ng4 Rc4 36.Be3 Rd3 37.Qf2 Rc7 38.Qh4 Rc4 39.Qf2 Qc7 40.Bf4 e5 41.Qe2 Rxh3 
42.Nxe5 Rxf4 43.Rxf4 Bc5+ 44.Kf1 Re3 45.Qg2 Qxe5 0-1

[Event "30th WCh U20 Girls"]
[Site "Athens GRE"]
[Date "2012.08.11"]
[Round "9"]
[White "Bucar, Natasa"]
[Black "Kolaric, Spela"]
[Result "1/2-1/2"]
[WhiteElo "2022"]
[BlackElo "2071"]
[EventDate "2012.08.02"]
[PlyCount "69"]

1.e4 c6 2.d4 d5 3.exd5 cxd5 4.c4 Nf6 5.Nc3 Nc6 6.Nf3 Bg4 7.cxd5 Nxd5 8.Qb3
Bxf3 9.gxf3 e6 10.Qxb7 Nxd4 11.Bb5+ Nxb5 12.Qc6+ Ke7 13.Qxb5 Qd7 14.Nxd5+ 
Qxd5 15.Qxd5 exd5 16.Be3 Ke6 17.O-O-O Bb4 18.Rd3 Rhc8+ 19.Kb1 Bc5 20.Re1 
Bxe3 21.Rdxe3+ Kf6 22.Re7 Rc4 23.Rd7 Rf4 24.Rd6+ Kf5 25.Rxd5+ Kg6 26.Rd6+ 
f6 27.Rg1+ Kh6 28.Rd7 g5 29.Rd3 Re8 30.Kc1 Rh4 31.Rg2 Rf4 32.Rg1 Rh4 33.
Rg2 Rf4 34.Rg1 Rh4 35.Rg2 1/2-1/2

[Event "30th WCh U20 Girls"]
[Site "Athens GRE"]
[Date "2012.08.11"]
[Round "9"]
[White "Anusca, Madalina-Maria"]
[Black "Ivekovic, Ana"]
[Result "1-0"]
[WhiteElo "2079"]
[BlackElo "1959"]
[EventDate "2012.08.02"]
[PlyCount "73"]

1.d4 Nf6 2.Nf3 e6 3.c4 Bb4+ 4.Bd2 Qe7 5.g3 Nc6 6.Bg2 Bxd2+ 7.Qxd2 a5 8.Nc3
d6 9.O-O O-O 10.Rfc1 Nb4 11.a3 Nc6 12.b3 Nb8 13.Ne1 c6 14.e4 e5 15.d5 c5 
16.Nd3 Nbd7 17.f4 b6 18.b4 Ba6 19.b5 Bc8 20.Re1 Kh8 21.Bh3 Re8 22.Nf2 Nh5 
23.Bg4 Nhf6 24.Bh3 Nh5 25.Bxd7 Bxd7 26.f5 g6 27.g4 Nf4 28.Ne2 Nxe2+ 29.
Rxe2 Rg8 30.Kh1 Qh4 31.Re3 Qg5 32.Nh3 Qxg4 33.Rg1 Qh5 34.Ng5 gxf5 35.Rh3 
Rxg5 36.Rxh5 Rxh5 37.Qg2 1-0

[Event "30th WCh U20 Girls"]
[Site "Athens GRE"]
[Date "2012.08.11"]
[Round "9"]
[White "Edes, Zsofia"]
[Black "Messam-Sparks, Lateefah"]
[Result "1-0"]
[WhiteElo "2081"]
[BlackElo "1947"]
[EventDate "2012.08.02"]
[PlyCount "81"]

1.d4 f5 2.c4 e6 3.Nf3 Be7 4.g3 Nf6 5.Bg2 O-O 6.O-O d6 7.a3 a5 8.b3 Ne4 9.
Nfd2 Nxd2 10.Nxd2 Bf6 11.Bb2 Qe8 12.e4 Nc6 13.Nb1 e5 14.d5 Nd8 15.Nc3 fxe4
16.Bxe4 Bh3 17.Re1 g6 18.Bc1 Nf7 19.Bh1 Qd7 20.Ne4 Bg7 21.Be3 Qf5 22.Qd2 
Nh6 23.Bxh6 Bxh6 24.Qxh6 Bg4 25.Qg5 Bf3 26.Qxf5 Rxf5 27.Bxf3 Rxf3 28.Re3 
Rf5 29.Kg2 Raf8 30.b4 Ra8 31.Rb1 axb4 32.axb4 Ra7 33.Rf3 h6 34.g4 Rf4 35.
Rxf4 exf4 36.c5 Ra6 37.cxd6 cxd6 38.b5 Ra4 39.Nxd6 Rd4 40.Nxb7 Rxd5 41.Na5
1-0

[Event "30th WCh U20 Girls"]
[Site "Athens GRE"]
[Date "2012.08.11"]
[Round "9"]
[White "Ibrahimova, Sabina"]
[Black "Vatkali, Dimitra"]
[Result "1-0"]
[WhiteElo "2091"]
[BlackElo "1936"]
[EventDate "2012.08.02"]
[PlyCount "47"]

1.e4 c6 2.d4 d5 3.Nc3 dxe4 4.Nxe4 Nd7 5.Bc4 e6 6.Nf3 Ngf6 7.Nxf6+ Nxf6 8.
O-O Qc7 9.Ne5 Bd6 10.Qe2 O-O 11.Bd3 c5 12.c3 Rd8 13.Bg5 Be7 14.dxc5 Qxc5 
15.Rad1 Qc7 16.Rfe1 Bd7 17.Bxh7+ Kf8 18.Bc2 Be8 19.Rxd8 Rxd8 20.Bb3 b5 21.
Qf3 a5 22.Qh3 Ng8 23.Ng6+ fxg6 24.Qxe6 1-0

[Event "30th WCh U20 Girls"]
[Site "Athens GRE"]
[Date "2012.08.11"]
[Round "9"]
[White "Galunova, Tsveta"]
[Black "Kalaydina, Regina Veronicka"]
[Result "1/2-1/2"]
[WhiteElo "2091"]
[BlackElo "1928"]
[EventDate "2012.08.02"]
[PlyCount "90"]

1.e4 c5 2.c3 d5 3.exd5 Qxd5 4.d4 Nc6 5.Nf3 Nf6 6.Na3 e6 7.Nb5 Qd8 8.dxc5 
Bxc5 9.Qxd8+ Kxd8 10.Bf4 Nd5 11.O-O-O Ke7 12.Bg3 a6 13.Nbd4 Nxd4 14.Nxd4 
Bd7 15.Be2 Rac8 16.Bf3 Bxd4 17.Rxd4 Bc6 18.Rhd1 b5 19.Kb1 Rhe8 20.Re1 Kf8 
21.Red1 Kg8 22.c4 bxc4 23.Rxc4 Bb5 24.Rxc8 Rxc8 25.Bxd5 exd5 26.Rxd5 Bf1 
27.Rd6 Bxg2 28.b4 Bf1 29.Kb2 Bb5 30.a4 Bf1 31.Rb6 h6 32.Kb3 Kh7 33.b5 axb5
34.axb5 Rc1 35.Kb4 Rb1+ 36.Kc5 Rc1+ 37.Kd6 Rb1 38.Kc6 Rc1+ 39.Kd7 Rb1 40.
Kc6 Rc1+ 41.Kd6 Rb1 42.Rb7 Rxb5 43.Rxf7 Kg6 44.Rc7 Rf5 45.Ke6 Rf6+ 1/2-1/2

[Event "30th WCh U20 Girls"]
[Site "Athens GRE"]
[Date "2012.08.11"]
[Round "9"]
[White "Orozco Lopez, Lina Yomayra"]
[Black "Serefidou, Despina"]
[Result "1/2-1/2"]
[WhiteElo "2150"]
[BlackElo "1865"]
[EventDate "2012.08.02"]
[PlyCount "92"]

1.e4 e5 2.Nf3 Nc6 3.Bb5 a6 4.Ba4 Nf6 5.O-O Be7 6.Re1 b5 7.Bb3 d6 8.h3 O-O 
9.c3 Bb7 10.d4 Re8 11.Ng5 Rf8 12.Nf3 Re8 13.Nbd2 Bf8 14.Bc2 h6 15.d5 Nb8 
16.a4 c6 17.dxc6 Nxc6 18.axb5 axb5 19.Rxa8 Qxa8 20.Nf1 g6 21.g4 Qc8 22.Ng3
Nd7 23.Bb3 Na5 24.Ba2 Nc4 25.b3 Ncb6 26.Qd3 Qc6 27.Nd2 d5 28.f3 Nc5 29.Qc2
Ne6 30.exd5 Nxd5 31.Nde4 Nef4 32.Kh2 Nb4 33.Qb1 Nxa2 34.Qxa2 Nd3 35.Rd1 
Nxc1 36.Rxc1 Rd8 37.Qe2 Bg7 38.h4 Qd5 39.c4 bxc4 40.bxc4 Qd4 41.c5 Bxe4 
42.fxe4 Rc8 43.c6 Qa4 44.c7 Qd7 45.Qc4 Bf8 46.h5 Kg7 1/2-1/2

[Event "30th WCh U20 Girls"]
[Site "Athens GRE"]
[Date "2012.08.11"]
[Round "9"]
[White "Owens, Megan"]
[Black "Furtado, Ivana Maria"]
[Result "0-1"]
[WhiteElo "1816"]
[BlackElo "2102"]
[EventDate "2012.08.02"]
[PlyCount "82"]

1.c4 Nf6 2.g3 e5 3.Bg2 Nc6 4.Nc3 Be7 5.Nf3 O-O 6.O-O d6 7.d4 Bg4 8.d5 Nb8 
9.h3 Bxf3 10.Bxf3 Nbd7 11.e4 Ne8 12.Be3 g6 13.Bh6 Ng7 14.g4 Bg5 15.Bxg7 
Kxg7 16.Qc2 Bf4 17.Ne2 Qh4 18.Qc3 Kg8 19.Nxf4 exf4 20.Qd2 Ne5 21.Qxf4 f5 
22.Qg3 f4 23.Qg2 Nxc4 24.Rfc1 Nxb2 25.Rxc7 Nd3 26.Rxb7 Nc5 27.Rb2 Rac8 28.
Rd2 Qg5 29.Qh2 Qe5 30.Rc1 Nxe4 31.Rxc8 Nxd2 32.Rxf8+ Kxf8 33.Kg2 g5 34.Qg1
Nxf3 35.Qb1 Nh4+ 36.Kh2 f3+ 37.Kg1 Kg7 38.Qb7+ Kh6 39.Qf7 Qe1+ 40.Kh2 
Qxf2+ 41.Kh1 Qg2# 0-1

[Event "30th WCh U20 Girls"]
[Site "Athens GRE"]
[Date "2012.08.11"]
[Round "9"]
[White "Frey, Alisa"]
[Black "Medeiros, Thauane Ferreira"]
[Result "1-0"]
[WhiteElo "2035"]
[BlackElo "1855"]
[EventDate "2012.08.02"]
[PlyCount "59"]

1.e4 c5 2.Nf3 Nc6 3.d4 cxd4 4.Nxd4 g6 5.c4 Nf6 6.Nc3 Bg7 7.Be3 O-O 8.Be2 
d6 9.O-O Bd7 10.Qd2 Rc8 11.f3 a6 12.Rac1 Ne5 13.b3 Be6 14.Rfd1 h5 15.Rc2 
Qd7 16.Rdc1 h4 17.Nd5 Bxd5 18.cxd5 Kh7 19.b4 e6 20.dxe6 fxe6 21.b5 Rxc2 
22.Qxc2 axb5 23.Bxb5 Qe7 24.Qc7 Rf7 25.Qc8 Nxe4 26.Nxe6 Nxf3+ 27.gxf3 Rf6 
28.Nxg7 Ng3 29.Ne6 Qxe6 30.Rc7+ 1-0

[Event "30th WCh U20 Girls"]
[Site "Athens GRE"]
[Date "2012.08.11"]
[Round "9"]
[White "York-Andersen, Anna"]
[Black "Lefevre, Margaux"]
[Result "0-1"]
[WhiteElo "1828"]
[BlackElo "2043"]
[EventDate "2012.08.02"]
[PlyCount "74"]

1.e4 c5 2.c4 Nc6 3.Nc3 d6 4.g3 g6 5.Bg2 Bg7 6.Nge2 Nh6 7.d3 O-O 8.O-O f5 
9.f4 Rb8 10.h3 a6 11.a4 Bd7 12.Be3 Nd4 13.Rb1 Qa5 14.b3 b5 15.Bd2 bxa4 16.
Nxa4 Qc7 17.Nxd4 Bxd4+ 18.Kh2 Bxa4 19.bxa4 Rxb1 20.Qxb1 Rb8 21.Qc1 Rb3 22.
Qc2 Qb8 23.Bc1 Qb4 24.a5 Rc3 25.Qe2 Qxa5 26.exf5 Nxf5 27.Bd2 e5 28.Bxc3 
Qxc3 29.Bd5+ Kg7 30.Rb1 exf4 31.Rb7+ Kh6 32.g4 Be5 33.g5+ Kxg5 34.Qg4+ Kh6
35.Bf3 Qd2+ 36.Qg2 Qxd3 37.Rf7 Nh4 0-1

[Event "30th WCh U20 Girls"]
[Site "Athens GRE"]
[Date "2012.08.11"]
[Round "9"]
[White "Dominguez, Gisella"]
[Black "Unapkoshvili, Nani"]
[Result "0-1"]
[WhiteElo "1831"]
[BlackElo "2011"]
[EventDate "2012.08.02"]
[PlyCount "56"]

1.Nf3 d6 2.g3 e5 3.d3 g6 4.Bg2 Bg7 5.O-O Ne7 6.e4 O-O 7.Nc3 Nbc6 8.h3 h6 
9.Nh2 Be6 10.Ng4 Kh7 11.Qd2 Ng8 12.f4 f5 13.Ne3 Qd7 14.Kh2 fxe4 15.dxe4 
exf4 16.Rxf4 Be5 17.Rxf8 Rxf8 18.Ned5 g5 19.Nb5 Qf7 20.c3 Qh5 21.Qd3 Bxh3 
22.Bxh3 Rf3 23.Qe2 Bxg3+ 24.Kg2 Ne5 25.Nd4 g4 26.Nf4 Bxf4 27.Bxf4 Qxh3+ 
28.Kg1 Rxf4 0-1

[Event "30th WCh U20 Girls"]
[Site "Athens GRE"]
[Date "2012.08.11"]
[Round "9"]
[White "Forsa, Elise"]
[Black "Chiarion, Elisa"]
[Result "1/2-1/2"]
[WhiteElo "1836"]
[BlackElo "1978"]
[EventDate "2012.08.02"]
[PlyCount "77"]

1.e4 c5 2.Nf3 a6 3.d4 cxd4 4.Nxd4 Nf6 5.Nc3 e5 6.Nb3 Bb4 7.Bd3 d5 8.exd5 
e4 9.Be2 Nxd5 10.Bd2 e3 11.fxe3 Bxc3 12.Bxc3 Qh4+ 13.g3 Qe4 14.Bf3 Qxe3+ 
15.Qe2 Qxe2+ 16.Kxe2 Nxc3+ 17.bxc3 Nd7 18.Rab1 Rb8 19.Na5 b6 20.Nc6 Rb7 
21.Nb4 Rc7 22.Nd5 Rc6 23.Rhe1 Re6+ 24.Kd2 O-O 25.Ne7+ Kh8 26.Rxe6 fxe6 27.
Nxc8 Rxc8 28.Bb7 Rd8 29.Bxa6 Nc5+ 30.Bd3 Ne4+ 31.Ke3 Nxc3 32.Rb3 Na4 33.
Rb4 Nc3 34.Kd2 Nd5 35.Re4 Rd6 36.Ra4 Kg8 37.Ra8+ Kf7 38.Ra7+ Kf6 39.Ra4 
1/2-1/2

[Event "30th WCh U20 Girls"]
[Site "Athens GRE"]
[Date "2012.08.11"]
[Round "9"]
[White "Tuzi, Bruna"]
[Black "Moura, Danielle Sena"]
[Result "1-0"]
[WhiteElo "1546"]
[BlackElo "1876"]
[EventDate "2012.08.02"]
[PlyCount "83"]

1.e4 Nf6 2.e5 Nd5 3.c4 Nb6 4.d4 d6 5.exd6 exd6 6.Nf3 Bg4 7.h3 Bh5 8.Bd3 
Nc6 9.Be3 Be7 10.Nc3 Bf6 11.g4 Bg6 12.b3 d5 13.c5 Nc8 14.a3 Qd7 15.b4 Bxd3
16.Qxd3 h6 17.O-O-O N8e7 18.Bf4 a6 19.Rhe1 O-O-O 20.Be5 Nxe5 21.dxe5 Bg5+ 
22.Kb2 Bf4 23.Ne2 Ng6 24.e6 Qe7 25.Qf5 Bg5 26.exf7+ Qd7 27.Qxg6 Bf6+ 28.
Ned4 a5 29.Qf5 Qxf5 30.gxf5 axb4 31.axb4 Rhf8 32.Ne5 Bxe5 33.Rxe5 Rxf7 34.
Ne6 Re8 35.Rexd5 Kb8 36.Rd8+ Rxd8 37.Rxd8+ Ka7 38.Rf8 Rd7 39.Kc2 b6 40.c6 
Rd6 41.b5 g6 42.Nxc7 1-0

[Event "30th WCh U20 Girls"]
[Site "Athens GRE"]
[Date "2012.08.11"]
[Round "9"]
[White "Lolici, Iselin-Amanda"]
[Black "Psofimi, Milia"]
[Result "1-0"]
[WhiteElo "1967"]
[BlackElo "1437"]
[EventDate "2012.08.02"]
[PlyCount "107"]

1.c4 e5 2.g3 g6 3.Bg2 Bg7 4.Nc3 d6 5.e3 f5 6.d3 Nc6 7.Nge2 Bd7 8.Rb1 Nf6 
9.b4 Qc8 10.Bd2 Ne7 11.Nd5 Nfg8 12.c5 dxc5 13.bxc5 c6 14.Nxe7 Nxe7 15.Qb3 
Rb8 16.Bc3 Be6 17.Qb2 Qc7 18.f4 Nd5 19.Bxe5 Bxe5 20.Qxe5 Qxe5 21.fxe5 O-O 
22.Nf4 Nxf4 23.gxf4 Rfd8 24.d4 Bxa2 25.Ra1 Bd5 26.Bxd5+ cxd5 27.Rxa7 Ra8 
28.Rxa8 Rxa8 29.Kf2 Ra2+ 30.Kg3 Rb2 31.Ra1 Rb3 32.Kf3 Rb2 33.h4 Rh2 34.Rb1
Rxh4 35.Rxb7 Rh2 36.c6 Rc2 37.c7 Kf8 38.Rb8+ Ke7 39.c8=Q Rxc8 40.Rxc8 Kf7 
41.Rd8 Ke6 42.Rh8 h5 43.Rd8 h4 44.Rd6+ Kf7 45.Rxd5 Ke6 46.Rd6+ Kf7 47.e6+ 
Ke7 48.Ra6 h3 49.Kg3 h2 50.Kxh2 Ke8 51.d5 Ke7 52.Ra7+ Ke8 53.d6 Kd8 54.
Ra8# 1-0

[Event "30th WCh U20 Girls"]
[Site "Athens GRE"]
[Date "2012.08.12"]
[Round "10"]
[White "Bodnaruk, Anastasia"]
[Black "Cori Tello, Deysi"]
[Result "1/2-1/2"]
[WhiteElo "2414"]
[BlackElo "2413"]
[EventDate "2012.08.02"]
[PlyCount "136"]

1.e4 e6 2.d4 d5 3.Nc3 Nf6 4.e5 Nfd7 5.f4 c5 6.Nf3 Nc6 7.Be3 Be7 8.Qd2 O-O 
9.Be2 b6 10.O-O f6 11.dxc5 fxe5 12.Nxd5 Bxc5 13.fxe5 Bb7 14.Bxc5 Nxc5 15.
Nf4 Qxd2 16.Nxd2 Nd4 17.Bd1 Rad8 18.Nc4 Ba6 19.b3 Bxc4 20.bxc4 Nf5 21.g3 
Ne3 22.Re1 Nxc4 23.Bg4 Rfe8 24.Re2 Kf7 25.Rb1 Rd2 26.Rxd2 Nxd2 27.Rb4 Rd8 
28.c3 g5 29.Ne2 Rd3 30.Kg2 Re3 31.Rd4 Nb1 32.Rd8 Rxe5 33.Ra8 a6 34.h4 gxh4
35.gxh4 h5 36.Bf3 Rf5 37.Ng3 Rf4 38.Bxh5+ Kg7 39.Kh3 Nxc3 40.Bg4 Ra4 41.
Nh5+ Kf7 42.Ra7+ Kg6 43.Rg7+ Kh6 44.Rg8 Nd5 45.Rh8+ Kg6 46.Rg8+ Kf7 47.
Rg7+ Kf8 48.Ra7 Ra3+ 49.Kh2 Rxa2+ 50.Kh3 Ra3+ 51.Kh2 Ra4 52.Kh3 a5 53.Bf3 
Rd4 54.Bxd5 Rxd5 55.Nf4 Rd4 56.Ng6+ Kg8 57.Ne7+ Kh8 58.Ng6+ Kg8 59.Ne7+ 
Kf8 60.Ng6+ Ke8 61.h5 Nd7 62.h6 Rd1 63.Kg2 Rd2+ 64.Kg3 Rd3+ 65.Kg2 Rd2+ 
66.Kg3 Rd3+ 67.Kg2 Rd2+ 68.Kg3 Rd3+ 1/2-1/2

[Event "30th WCh U20 Girls"]
[Site "Athens GRE"]
[Date "2012.08.12"]
[Round "10"]
[White "Guo Qi"]
[Black "Arabidze, Meri"]
[Result "1/2-1/2"]
[WhiteElo "2358"]
[BlackElo "2379"]
[EventDate "2012.08.02"]
[PlyCount "60"]

1.d4 Nf6 2.c4 e6 3.Nf3 b6 4.g3 Bb4+ 5.Bd2 Be7 6.Bg2 c6 7.O-O d5 8.Nc3 O-O 
9.Bf4 Ba6 10.cxd5 cxd5 11.Rc1 Bb7 12.Ne5 Nbd7 13.Qa4 Nxe5 14.Bxe5 a6 15.
Bc7 Qxc7 16.Nxd5 Qd6 17.Nxf6+ Bxf6 18.Bxb7 Ra7 19.Bf3 Qxd4 20.Qxd4 Bxd4 
21.Rfd1 Bxb2 22.Rb1 Bc3 23.Rxb6 a5 24.a4 Rc7 25.Rc6 Rxc6 26.Bxc6 g6 27.Rc1
Bb4 28.Bb5 Rd8 29.Rc7 Kf8 30.Kg2 Bd2 1/2-1/2

[Event "30th WCh U20 Girls"]
[Site "Athens GRE"]
[Date "2012.08.12"]
[Round "10"]
[White "Vojinovic, Jovana"]
[Black "Ziaziulkina, Nastassia"]
[Result "1/2-1/2"]
[WhiteElo "2337"]
[BlackElo "2342"]
[EventDate "2012.08.02"]
[PlyCount "86"]

1.d4 d5 2.Bf4 Nf6 3.e3 c5 4.c3 Nc6 5.Nd2 g6 6.dxc5 Bg7 7.Ngf3 O-O 8.Be2 a5
9.a4 Re8 10.Bg5 h6 11.Bxf6 Bxf6 12.O-O e5 13.e4 Be6 14.Rb1 Bg7 15.Re1 f5 
16.exd5 Qxd5 17.Nc4 Qxc5 18.Qd6 Qxd6 19.Nxd6 Re7 20.Bb5 Bd5 21.Rbd1 Bb3 
22.Bc4+ Bxc4 23.Nxc4 g5 24.Nfd2 e4 25.f3 Ne5 26.Nxe5 Bxe5 27.fxe4 Rae8 28.
exf5 Bxh2+ 29.Kf1 g4 30.Rxe7 Rxe7 31.Nc4 Bc7 32.Kf2 h5 33.g3 Kg7 34.Rd5 b6
35.f6+ Kxf6 36.Rxh5 Rf7 37.Kg2 Re7 38.Rh6+ Kf5 39.Rc6 Ke4 40.Nxb6 Kd3 41.
b4 Re2+ 42.Kf1 Ra2 43.Rxc7 Ra1+ 1/2-1/2

[Event "30th WCh U20 Girls"]
[Site "Athens GRE"]
[Date "2012.08.12"]
[Round "10"]
[White "Bulmaga, Irina"]
[Black "Varga, Klara"]
[Result "1-0"]
[WhiteElo "2380"]
[BlackElo "2181"]
[EventDate "2012.08.02"]
[PlyCount "87"]

1.e4 e6 2.d4 d5 3.Nc3 Nc6 4.Nf3 Nf6 5.e5 Ne4 6.Bd3 Bb4 7.Bd2 Nxd2 8.Qxd2 
f6 9.a3 Be7 10.h4 fxe5 11.dxe5 O-O 12.Qe2 Qe8 13.Rh3 Rxf3 14.gxf3 Qf7 15.
Kf1 Bd7 16.Kg2 Nd4 17.Qe3 c5 18.Ne2 Nf5 19.Qf4 Rf8 20.Bxf5 Qxf5 21.Qxf5 
Rxf5 22.f4 Bb5 23.Nc3 Bc6 24.Kg3 d4 25.Ne2 Be4 26.Rc1 h6 27.f3 Bc6 28.Rd1 
Bb5 29.Rh2 Kf8 30.h5 Bxe2 31.Rxe2 Rxh5 32.c3 dxc3 33.bxc3 Ke8 34.Red2 g5 
35.f5 exf5 36.Rd7 g4 37.Rxb7 Rh3+ 38.Kg2 Bh4 39.Rdd7 Rg3+ 40.Kf1 Rxf3+ 41.
Ke2 Rf2+ 42.Kd3 Rf3+ 43.Kc4 Rf4+ 44.Kd5 1-0

[Event "30th WCh U20 Girls"]
[Site "Athens GRE"]
[Date "2012.08.12"]
[Round "10"]
[White "Kulkarni, Bhakti Pradip"]
[Black "Kashlinskaya, Alina"]
[Result "1/2-1/2"]
[WhiteElo "2159"]
[BlackElo "2391"]
[EventDate "2012.08.02"]
[PlyCount "98"]

1.d4 Nf6 2.c4 g6 3.Nc3 Bg7 4.e4 d6 5.Nf3 O-O 6.Be2 e5 7.dxe5 dxe5 8.Qxd8 
Rxd8 9.Bg5 c6 10.Nxe5 Re8 11.O-O-O h6 12.Bh4 Na6 13.f4 g5 14.Bg3 Nc5 15.
Bf3 g4 16.Be2 h5 17.Bd3 b5 18.Nxc6 Nxd3+ 19.Rxd3 bxc4 20.Rd4 Nd7 21.e5 Nc5
22.Nd5 Bb7 23.Nde7+ Kh7 24.Rxc4 Nd3+ 25.Kc2 Bf8 26.Nd5 Rec8 27.Nf6+ Kh8 
28.Na5 Ba6 29.Rxc8 Rxc8+ 30.Kb1 Nb4 31.a3 Bd3+ 32.Ka1 Nc2+ 33.Ka2 Ne3 34.
h3 Rc5 35.Nb7 Rc2 36.hxg4 Rxg2 37.Be1 Bc4+ 38.Ka1 Nc2+ 39.Kb1 Nxe1 40.
Rxh5+ Kg7 41.Rg5+ Kh6 42.Rh5+ Kg7 43.f5 Bd3+ 44.Ka2 Bc4+ 45.Ka1 Be7 46.
Rg5+ Kh6 47.Rh5+ Kg7 48.Rh7+ Kf8 49.Rh8+ Kg7 1/2-1/2

[Event "30th WCh U20 Girls"]
[Site "Athens GRE"]
[Date "2012.08.12"]
[Round "10"]
[White "Wang Jue"]
[Black "Rodriguez Rueda, Paula Andrea"]
[Result "1-0"]
[WhiteElo "2355"]
[BlackElo "2196"]
[EventDate "2012.08.02"]
[PlyCount "93"]

1.e4 c5 2.Ne2 d6 3.g3 Nc6 4.Bg2 g6 5.c3 Bg7 6.d4 cxd4 7.cxd4 Qb6 8.Nbc3 
Bg4 9.f3 Bd7 10.Nd5 Qd8 11.Be3 e6 12.Ndc3 Nge7 13.Qd2 O-O 14.h4 e5 15.d5 
Na5 16.b3 f5 17.O-O b6 18.Rac1 Nb7 19.b4 Rc8 20.Qd3 Rc7 21.Nb5 Rxc1 22.
Rxc1 Nc8 23.Nc7 f4 24.gxf4 Qxh4 25.Ne6 Bxe6 26.dxe6 exf4 27.Bf2 Qe7 28.Qd5
Kh8 29.Qc6 d5 30.exd5 Ncd6 31.Qd7 Qxd7 32.exd7 g5 33.Bh3 h5 34.Nd4 Bf6 35.
Rc8 Kg8 36.Be6+ Kg7 37.Nc6 Nd8 38.Nxd8 Rxd8 39.Kg2 Be7 40.Bd4+ Kf8 41.Be5 
Nxc8 42.dxc8=Q Rxc8 43.Bxc8 Bxb4 44.d6 Ke8 45.Ba6 Kd7 46.Bb5+ Kc8 47.Be8 
1-0

[Event "30th WCh U20 Girls"]
[Site "Athens GRE"]
[Date "2012.08.12"]
[Round "10"]
[White "Goryachkina, Aleksandra"]
[Black "Sihite, Chelsie Monica"]
[Result "0-1"]
[WhiteElo "2361"]
[BlackElo "2162"]
[EventDate "2012.08.02"]
[PlyCount "128"]

1.d4 Nf6 2.c4 e6 3.Nc3 Bb4 4.e3 c6 5.Bd3 d5 6.a3 Ba5 7.b4 Bc7 8.Nf3 Nbd7 
9.Bb2 O-O 10.O-O Qe7 11.e4 dxc4 12.Bxc4 e5 13.dxe5 Ng4 14.e6 fxe6 15.g3 b5
16.Bb3 Bb6 17.Nb1 c5 18.h3 Ngf6 19.e5 Ne4 20.Bd5 exd5 21.Qxd5+ Kh8 22.Qxe4
Rb8 23.Nbd2 Bb7 24.Qh4 Bd8 25.Qxe7 Bxe7 26.e6 Nb6 27.bxc5 Na4 28.c6 Bxc6 
29.Ne5 Bd5 30.Bd4 Rb7 31.Rfe1 Kg8 32.Nd3 Rd8 33.Nf4 Bc6 34.Nb3 Be8 35.Be5 
g5 36.Ng2 b4 37.axb4 Rxb4 38.Nd4 Rdxd4 39.Bxd4 Rxd4 40.Rec1 a6 41.Ne3 Bf6 
42.Rc8 Rd8 43.Rac1 Nb6 44.R8c5 Rd6 45.Ng4 Be7 46.Nh6+ Kf8 47.Nf5 Rd5 48.
Rxd5 Nxd5 49.Rc8 a5 50.Ra8 Bb4 51.Ra7 Nf6 52.Ra8 a4 53.h4 gxh4 54.gxh4 h5 
55.Kf1 Nd5 56.Ra7 Ne7 57.Ng3 Kg7 58.Rb7 a3 59.Nf5+ Kf6 60.Nd4 Bd6 61.Nc2 
Bg6 62.Na1 Be5 63.Nb3 Bc2 64.f4 Bb2 0-1

[Event "30th WCh U20 Girls"]
[Site "Athens GRE"]
[Date "2012.08.12"]
[Round "10"]
[White "Abdumalik, Zhansaya"]
[Black "Schut, Lisa"]
[Result "1-0"]
[WhiteElo "2193"]
[BlackElo "2305"]
[EventDate "2012.08.02"]
[PlyCount "53"]

1.e4 c5 2.Nf3 d6 3.d4 cxd4 4.Nxd4 Nf6 5.Nc3 a6 6.Bg5 e6 7.f4 h6 8.Bh4 Qb6 
9.Qd2 Qxb2 10.Rb1 Qa3 11.f5 Be7 12.Rb3 Qa5 13.Bf2 Nc6 14.Nxc6 bxc6 15.Bb6 
Qe5 16.Bd4 Nxe4 17.Qe3 Bh4+ 18.g3 Bxg3+ 19.hxg3 Qxg3+ 20.Qxg3 Nxg3 21.Rg1 
Nxf1 22.Bxg7 Rg8 23.Ne4 Rxg7 24.Rxg7 exf5 25.Nxd6+ Kf8 26.Rxf7+ Kg8 27.
Kxf1 1-0

[Event "30th WCh U20 Girls"]
[Site "Athens GRE"]
[Date "2012.08.12"]
[Round "10"]
[White "Kulon, Klaudia"]
[Black "Semenova, Elena"]
[Result "0-1"]
[WhiteElo "2259"]
[BlackElo "2134"]
[EventDate "2012.08.02"]
[PlyCount "110"]

1.e4 e5 2.Nf3 Nc6 3.Bc4 Bc5 4.c3 Nf6 5.d3 O-O 6.Bb3 d5 7.Qe2 Be6 8.h3 dxe4
9.dxe4 Bxb3 10.axb3 a5 11.O-O Nh5 12.Kh2 Qf6 13.g3 h6 14.Na3 Qe6 15.Nc4 
Nf6 16.Nh4 b6 17.Nf5 Ne7 18.g4 Ng6 19.Qf3 a4 20.g5 hxg5 21.Bxg5 axb3 22.
Nce3 Bxe3 23.Qxe3 Qc6 24.Bxf6 Qxf6 25.Rxa8 Rxa8 26.Rg1 Rd8 27.Rg4 Kf8 28.
c4 Nf4 29.Qxb3 g6 30.Ne3 Rd2 31.Qa3+ Qd6 32.Qa8+ Ke7 33.Kg3 Qf6 34.Qa3+ 
Ke6 35.Qa4 Nh5+ 36.Kh2 Qxf2+ 37.Ng2 Nf6 38.Rg3 Qd4 39.Qc6+ Qd6 40.Qa8 Rxb2
41.Rf3 Ke7 42.Qh8 Nxe4 43.Qh4+ Nf6 44.Rf1 Rd2 45.Kh1 Rd1 46.Qf2 Rxf1+ 47.
Qxf1 Qd4 48.Qc1 Nh5 49.Ne3 Qe4+ 50.Kg1 Nf4 51.Qa3+ c5 52.Kh2 Kf8 53.Kg3 
Qh1 54.Qb3 Qxh3+ 55.Kf2 Ng2 0-1

[Event "30th WCh U20 Girls"]
[Site "Athens GRE"]
[Date "2012.08.12"]
[Round "10"]
[White "Aulia, Medina Warda"]
[Black "Iordanidou, Zoi"]
[Result "1-0"]
[WhiteElo "2218"]
[BlackElo "2166"]
[EventDate "2012.08.02"]
[PlyCount "95"]

1.e4 d5 2.exd5 Qxd5 3.Nc3 Qa5 4.d4 c6 5.Nf3 Nf6 6.Bc4 Bf5 7.Bd2 e6 8.Qe2 
Bb4 9.a3 Nbd7 10.O-O Bxc3 11.Bxc3 Qc7 12.Ne5 O-O 13.Nxd7 Qxd7 14.Rfd1 Rfe8
15.h3 Nd5 16.Be1 Qd8 17.Bb3 Qg5 18.Kh2 Rad8 19.Qf3 Qg6 20.c4 Be4 21.Qg3 
Qxg3+ 22.Kxg3 Nf6 23.f3 Bg6 24.Bc3 Nh5+ 25.Kf2 Nf4 26.h4 c5 27.Ba4 Rf8 28.
h5 Nxh5 29.dxc5 Nf4 30.b4 Bd3 31.Be5 Ne2 32.Rxd3 Rxd3 33.Kxe2 Rfd8 34.Rd1 
Rxd1 35.Bxd1 f6 36.Bd6 Kf7 37.Ba4 h5 38.c6 bxc6 39.Bc5 Rc8 40.Bc2 f5 41.f4
Rc7 42.Bd6 Rd7 43.c5 Rd8 44.Bd3 g5 45.fxg5 Kg6 46.Ba6 Rd7 47.Bc8 Rh7 48.b5
1-0

[Event "30th WCh U20 Girls"]
[Site "Athens GRE"]
[Date "2012.08.12"]
[Round "10"]
[White "Klek, Hanna-Marie"]
[Black "Nevioselaya, Maria"]
[Result "1-0"]
[WhiteElo "2248"]
[BlackElo "2057"]
[EventDate "2012.08.02"]
[PlyCount "61"]

1.Nf3 d5 2.g3 Nf6 3.Bg2 c6 4.c4 Bg4 5.Ne5 e6 6.cxd5 exd5 7.Nxg4 Nxg4 8.e4 
Nf6 9.e5 Nfd7 10.d4 Bb4+ 11.Nc3 O-O 12.O-O Na6 13.a3 Bxc3 14.bxc3 Nc7 15.
a4 Nb6 16.Bh3 g6 17.Bh6 Re8 18.f4 f5 19.exf6 Qxf6 20.f5 Nc4 21.Qc1 Qe7 22.
Bg5 Qe4 23.Bf4 Na6 24.Rb1 b6 25.f6 c5 26.Re1 Qd3 27.Be6+ Rxe6 28.Rxe6 cxd4
29.Qe1 Rf8 30.Bh6 Nc5 31.Re8 1-0